| 000 | 00490nam a22001697a 4500 | ||
|---|---|---|---|
| 005 | 20140310183636.0 | ||
| 008 | 131127b xxu||||| |||| 00| 0 eng d | ||
| 020 | _a9716857245 | ||
| 050 |
_aLB 2806 _b.B299 2010 |
||
| 245 |
_aNCBTS-BASED : _bTable of specifications for LET / |
||
| 260 |
_aQuezon City : _bADRIANA PRINTING Co., Inc., _c2010. |
||
| 300 |
_a86 p. : _bill. ; _c18 cm. |
||
| 521 | _aEDU | ||
| 650 |
_aTeachers _vExamination _xManuals |
||
| 942 |
_2lcc _cBK _kLOC |
||
| 999 |
_c25717 _d25717 |
||